[Event "IECG CC.2006.0.00134 email"]
[Site "IECG email"]
[Date "2006.04.02"]
[Round "?"]
[White "Castro, Luis"]
[Black "Stallinga, Hein"]
[Result "0-1"]
[WhiteElo "1637"]
[BlackElo "1643"]
[PlyCount "84"]
[EventDate "2006.04.02"]
[EventType "tourn (corr)"]
[EventRounds "6"]
[SourceTitle "Corr 2008"]
[Source "ChessBase"]
[SourceDate "2008.06.24"]
[SourceVersion "1"]
[SourceVersionDate "2008.06.24"]
[SourceQuality "1"]

1. Nf3 f5 2. g3 e6 3. Bg2 Nf6 4. 0-0 d6 5. d4 Be7 6. c4 0-0 7. Nc3 a5 8. Qc2 Nc6 9. b3 e5 10. dxe5 dxe5 11. Rd1 Bd7 12. a3 Bc5 13. Bg5 e4 14. Nh4 Bxf2+ 15. Kxf2 Ng4+ 16. Kg1 Qxg5 17. Nd5 Rad8 18. Qc3 Ne7 19. Qxa5 Nxd5 20. Qxd5+ Kh8 21. Qd2 Qe3+ 22. Qxe3 Nxe3 23. Rdc1 g5 24. Rc3 Ng4 25. Nf3 exf3 26. exf3 Nf6 27. Rd1 Bc6 28. Rcd3 Rxd3 29. Rxd3 Re8 30. Kf2 Kg7 31. Re3 f4 32. Rd3 Bd7 33. gxf4 gxf4 34. Bf1 Kg6 35. Rd4 Kg5 36. Rd1 Re3 37. Rd3 Rxd3 38. Bxd3 Bf5 39. Be2 Nd7 40. b4 Ne5 41. c5 Bd3 42. Bxd3 Nxd3+ 0-1

[Event "IECG CC.2006.0.00134 email"]
[Site "IECG email"]
[Date "2006.04.02"]
[Round "?"]
[White "McAndrew, Harry"]
[Black "Castro, Luis"]
[Result "0-1"]
[WhiteElo "1695"]
[BlackElo "1637"]
[PlyCount "66"]
[EventDate "2006.04.02"]
[EventType "tourn (corr)"]
[EventRounds "6"]
[SourceTitle "Corr 2008"]
[Source "ChessBase"]
[SourceDate "2008.06.24"]
[SourceVersion "1"]
[SourceVersionDate "2008.06.24"]
[SourceQuality "1"]

1. e4 c5 2. Nf3 d6 3. d4 cxd4 4. Nxd4 Nf6 5. Nc3 a6 6. Bg5 e6 7. f4 Qb6 8. Qd2 Qxb2 9. Rb1 Qa3 10. Be2 Be7 11. 0-0 Nbd7 12. e5 dxe5 13. fxe5 Nxe5 14. Bxf6 gxf6 15. Ne4 f5 16. Rb3 Qa4 17. Nxf5 exf5 18. Nd6+ Bxd6 19. Qxd6 Qe4 20. Re1 Nc6 21. Kf1 Be6 22. Bh5 Qc4+ 23. Rd3 Nd8 24. Qe5 Rg8 25. Qf6 Kf8 26. Kg1 Nc6 27. Qh6+ Ke7 28. Qxh7 Qc5+ 29. Kh1 Ne5 30. Rde3 Rh8 31. Qg7 Rag8 32. Rxe5 Rxg7 33. Rxc5 Rxh5 0-1

[Event "Michigan Class C"]
[Site "Auburn Hills"]
[Date "2005.01.16"]
[Round "4.1"]
[White "Castro, Luis"]
[Black "Hazzard, William"]
[Result "1-0"]
[WhiteElo "1403"]
[BlackElo "1590"]
[PlyCount "121"]
[EventDate "2005.01.15"]
[EventType "swiss"]
[EventRounds "5"]
[EventCountry "USA"]
[SourceTitle "EXT 2006"]
[Source "ChessBase"]
[SourceDate "2005.11.24"]
[SourceVersion "1"]
[SourceVersionDate "2005.11.24"]
[SourceQuality "1"]

1. c4 c5 2. Nc3 Nc6 3. d3 Nf6 4. Nf3 d6 5. g3 e6 6. Bg2 Be7 7. a3 0-0 8. 0-0 a6 9. Rb1 Qc7 10. b4 cxb4 11. axb4 Rb8 12. b5 Nd8 13. Qb3 axb5 14. Nxb5 Qd7 15. Be3 Nc6 16. Rfc1 h6 17. h3 Qd8 18. Qc3 e5 19. Nd2 d5 20. d4 e4 21. Bf4 Be6 22. Bxb8 Qxb8 23. c5 Rd8 24. Nf1 Qc8 25. Kh2 Nh7 26. Qa3 Ng5 27. g4 Nh7 28. Ng3 f5 29. Nxf5 Bxf5 30. gxf5 Qxf5 31. Kg1 Rf8 32. Rf1 Ng5 33. Qc3 Bf6 34. Rbd1 Ne6 35. f3 Nf4 36. Kh2 Nxe2 37. Qe3 Qf4+ 38. Qxf4 Nxf4 39. fxe4 Nxg2 40. Kxg2 dxe4 41. d5 Ne5 42. Nd6 e3 43. Rfe1 Bg5 44. Ne4 Bf4 45. d6 Rf7 46. Nc3 Nd7 47. Rd5 Nxc5 48. Rxc5 Bxd6 49. Rc8+ Kh7 50. Rxe3 g5 51. Ree8 Kg6 52. Rg8+ Kh5 53. Ne4 Bf4 54. Rcf8 Rc7 55. Nf6+ Kh4 56. Rh8 Rc2+ 57. Kf1 Kxh3 58. Rxh6+ Kg3 59. Ne4+ Kg4 60. Nf2+ Kf3 61. Rh3# 1-0